I chierici regolari minori (Caracciolini) nella chiesa
Saved in:
| Hovedforfatter: | |
|---|---|
| Format: | Bog |
| Sprog: | spansk |
| Udgivet: |
Roma
A.N.I.S
1988
|
| Fag: | |
| Tags: |
Tilføj Tag
Ingen Tags, Vær først til at tagge denne postø!
|
MARC
| LEADER | 00000nam a2200000 a 4500 | ||
|---|---|---|---|
| 001 | UCY8790 | ||
| 003 | CL-VaPUC | ||
| 008 | 950707e19880000IT |||||||||||||||||spa|d | ||
| 082 | 0 | 4 | |a 248.8 |b AFF |2 21 |
| 100 | 0 | |a Affoni, Luigi |e author |9 340512 | |
| 245 | 1 | 0 | |a I chierici regolari minori (Caracciolini) nella chiesa |
| 300 | |a 165 p | ||
| 942 | |c BK | ||
| 945 | |d 19950707 00:00:00 |a aalvarez | ||
| 260 | |a Roma |b A.N.I.S |c 1988 | ||
| 600 | 0 | 7 | |a CARACCIOLO, FRANCESCO |2 CL-VaPUC |9 340513 |
| 650 | 7 | |a ORDENES MENORES |2 CL-VaPUC |9 340514 | |
| 583 | |a last modification |c 19950707 00:00:00 |k Rodrigo Vera | ||
| 999 | |c 235993 |d 235991 | ||
| 952 | |0 0 |1 0 |4 0 |6 248_800000000000000_AFF_1988 |7 0 |8 A |9 243786 |a BIBTEO |b BIBTEO |d 2019-11-18 |i 3095266 |o 248.8 AFF 1988 |p 3095266 |r 2025-01-17 |w 2019-11-18 |y BK |k ICR | ||